000 00374nam a2200145Ia 4500
008 240624s9999 xx 000 0 und d
041 _aeng
082 _a658 WET
100 _aWETHERLY PAUL
245 _aBUSINESS ENVIRONMENT THEMES AND ISSUES
250 _a(2nd ed.)
260 _c2013
_aNew Delhi
_bOxford University Press India
300 _a528 : p.
365 _cRS
_b32
999 _c21983
_d21983